[Event "Gausdal GM-A"]
[Site "Gausdal"]
[Date "2005.04.16"]
[Round "4"]
[White "Williams, Simon Kim"]
[Black "Carlsen, Magnus"]
[Result "1-0"]
[WhiteElo "2466"]
[BlackElo "2548"]
[Annotator "Ftacnik,L"]
[PlyCount "79"]
[EventDate "2005.04.13"]
[EventType "tourn"]
[EventRounds "9"]
[EventCountry "NOR"]
[EventCategory "10"]
[SourceTitle "CBM 107"]
[Source "ChessBase"]
[SourceDate "2005.08.01"]
[SourceVersion "1"]
[SourceVersionDate "2005.08.01"]
[SourceQuality "1"]

1. d4 Nf6 2. c4 e6 3. Nf3 b6 4. Nc3 Bb7 5. a3 d5 6. cxd5 Nxd5 7. Bd2 Nd7 8.
Nxd5 exd5 9. b4 Bd6 10. Bg5 f6 11. Bh4 a5 {Black doesn't seem to suffer too
much in this line, undermining of the queenside with a pawn is a new idea here.
} (11... c5 12. Bg3 Be7 (12... Bxg3 13. hxg3 c4 14. Qc2 g6 15. e3 b5 16. g4 a5
17. Rb1 axb4 18. axb4 Qe7 19. Nd2 Nb8 20. Be2 Nc6 {1/2-1/2 Dreev,A-Psakhis,L/
playchess.com INT 2004/ (61)}) 13. dxc5 (13. bxc5 bxc5 14. e3 c4 15. Be2 Qa5+
16. Qd2 Qxd2+ 17. Nxd2 Nb6 18. Bd1 Kd7 19. Nb1 Bd6 20. Nc3 Bxg3 21. hxg3 {
1-0 Dreev,A-Psakhis,L/playchess.com INT 2004/ (63)}) 13... bxc5 14. e3 cxb4 15.
Bd3 Nc5 16. Bb5+ Kf7 17. axb4 Ne4 {1/2-1/2 Eingorn,V-Van der Wiel,J/Manila
1992/ (17)}) 12. Bg3 Qe7 (12... Bxg3 13. hxg3 axb4 14. axb4 c5 $11) 13. Bxd6
Qxd6 14. b5 c5 (14... O-O 15. e3 c5 16. bxc6 Bxc6 17. Bd3 g6 18. O-O $14) 15.
bxc6 Bxc6 16. e3 b5 17. Bd3 {The f6 move has weakened the white square complex
around h7, Carlsen has to play carefully.} g6 (17... O-O) 18. Qc2 Kf7 (18...
Nb6 19. h4 Ra7 20. h5 g5 21. O-O $14) 19. h4 $1 Nb6 20. h5 Nc4 $2 {Black has
an idea about his possible compensation for the pawn, but with best white's
play it would have been slow in coming.} (20... Kg7 21. Nh4 Be8 22. Qd1 Qc6 $14
) 21. hxg6+ (21. a4 Rac8 $14) 21... hxg6 22. Bxg6+ Ke7 (22... Kg7 23. Bh7 Kf8
24. Nh4 $18) 23. Nh4 Kd7 (23... Nxa3 $2 24. Rxa3 Qxa3 25. Qxc6 Qb4+ 26. Kd1
Qa4+ 27. Bc2 Qa1+ 28. Kd2 Qxh1 29. Qc7+ Kf8 30. Bg6 $18) 24. Qb3 (24. Bf5+ Kc7
25. Qa2 $16) 24... b4 (24... Nxe3 $5 25. Qxe3 (25. fxe3 Qg3+ 26. Kd2 Rxh4 27.
Rxh4 Qxh4 28. Rf1 Qg3 $11) 25... Rae8 26. Bxe8+ Rxe8 27. Nf5 Rxe3+ 28. Nxe3 Qe7
$11) 25. a4 $6 (25. Rc1 Nxa3 26. Rc5 Nb5 $13) (25. Bf5+ $1 Kd8 26. axb4 Qxb4+
27. Qxb4 axb4 28. Rxa8+ Bxa8 29. Rh3 b3 30. Nf3 $14) 25... Kc7 (25... Nxe3 $1
26. fxe3 (26. Qxe3 Rae8 27. Bxe8+ Rxe8 28. Nf5 Rxe3+ 29. fxe3 Qe6 $15) 26...
Qg3+ 27. Kd2 Rxh4 28. Rxh4 Qxh4 29. Rf1 Rh8 $15) 26. Ke2 f5 $1 27. Bxf5 Qf6 28.
g3 Raf8 $6 {Carlsen suddenly wants too much from the position, it was much
better to take the two pieces for the rook immediatelly with better chances.} (
28... Rxh4 $1 29. Rxh4 Qxf5 30. Rah1 Re8 $15) 29. Qd3 $1 Rxh4 $2 {[%mdl 64]} (
29... Bd7 $1 30. e4 Re8 31. Kf1 Bxf5 32. exf5 Re4 33. Rd1 $11) 30. gxh4 Qxf5
31. Qxf5 Rxf5 32. h5 $1 {Williams must have been very happy about his luck, he
has lost material but won the overall war.} b3 (32... Rf8 33. h6 Rh8 34. h7 Nd6
35. Rag1 Bxa4 36. Rg8 Nf7 37. Rxh8 Nxh8 38. Rg1 b3 39. Kd2 b2 40. Kc3 b1=Q 41.
Rxb1 Be8 42. f3 $18) 33. h6 Rf8 34. h7 b2 35. Rag1 $1 Rh8 36. Rg8 b1=Q {
Black's undoing is the location of his king, white can check him in suitable
moment and win material.} (36... Rxh7 37. Rxh7+ Bd7 38. Rxd7+ Kxd7 39. Rb8 Kc7
40. Rb3 $18) 37. Rg7+ $1 Bd7 38. Rxb1 Kd6 39. Rh1 Bf5 (39... Nb2 40. Rh6+ (40.
Rg8 $18) 40... Kc7 41. Ra6 $18) 40. Rh6+ 1-0

[Event "FIDE-Wch k.o."]
[Site "Moscow"]
[Date "2001.11.30"]
[Round "2.2"]
[White "Dreev, Alexey"]
[Black "Milos, Gilberto"]
[Result "1-0"]
[WhiteElo "2676"]
[BlackElo "2610"]
[Annotator "Ftacnik,L"]
[PlyCount "91"]
[EventDate "2001.11.27"]
[EventType "k.o."]
[EventRounds "7"]
[EventCountry "RUS"]
[SourceTitle "CBM 086"]
[Source "ChessBase"]
[SourceDate "2002.02.05"]
[SourceVersion "1"]
[SourceVersionDate "2002.02.05"]
[SourceQuality "1"]

1. d4 Nf6 2. c4 e6 3. Nf3 b6 4. a3 Ba6 5. Qc2 Bb7 6. Nc3 c5 7. e4 cxd4 8. Nxd4
Bc5 9. Nb3 Nc6 10. Bg5 h6 11. Bh4 Nd4 12. Nxd4 Bxd4 13. Bd3 Be5 14. O-O-O Qc7 (
14... Qb8 15. Bg3 O-O 16. Kb1 (16. Qd2 d6 17. Bxe5 dxe5 18. f3 Ba6 19. Be2 Rc8
20. b3 Qc7 21. Qd6 Ne8 22. Qxc7 Rxc7 23. Kb2 Kf8 24. a4 Ke7 25. Rd2 Bc8 26. a5
bxa5 27. Ra1 Rc5 28. Na4 Rc7 29. Nc3 Rc5 30. Na4 Rc7 31. Nc3 {1/2-1/2 Tkachiev,
V-Salov,V/Enghien les Bains 1999/ (31)}) 16... Rc8 17. Rhe1 (17. Qe2 d6 (17...
a6 18. Rhf1 d6 19. Bxe5 dxe5 20. f4 Rd8 21. f5 Rd4 22. fxe6 fxe6 23. Bc2 Nd7
24. Qe3 Qd6 {1/2-1/2 Bagaturov,G-Gruenfeld,Y/Athens 1997/ (58)}) 18. Bxe5 dxe5
19. g4 (19. Qe3 Bc6 20. Rd2 a6 21. f3 Be8 22. Rhd1 Qc7 23. Be2 Nd7 24. Rd6 {
1/2-1/2 Khenkin,I-Hracek,Z/Germany 2001/ (32)}) 19... Nh7 20. h4 f6 21. Bc2 Ba6
(21... Qc7 22. Bb3 Qe7 23. Rd2 Ba6 24. Rhd1 Nf8 25. h5 Rc7 26. Nb5 Bxb5 27.
cxb5 {1/2-1/2 Tkachiev,V-Zhang Zhong/Shanghai 2001/ (38)}) 22. Nb5 Bxb5 23.
cxb5 Qc7 24. Bb3 Qe7 25. Rc1 Qe8 26. Qd3) 17... a6 (17... d6 18. Bxe5 dxe5 19.
Bf1 (19. Qe2 a6 20. g4 b5 21. cxb5 axb5 22. Na2 Ra4 23. f3 Rd8 24. Bxb5 Rad4
25. Rxd4 exd4 26. Nb4 {1-0 Dziuba,M-Pert,N/Patras 2001/ (32)}) 19... a6 20. f3
Bc6 21. Rd2 Ra7 22. Red1 Rb7 23. Na2 a5 24. Nc3 Nd7 {1/2-1/2 Cramling,
P-Lindberg,B/Stockholm 1994/ (65)}) 18. Qd2 d6 19. Bxe5 dxe5 20. f3 Rd8 21. Qe3
Bc6 22. Rd2 Qc7 23. Red1 Rd7 24. Be2 Rad8 25. Rxd7 Rxd7 26. c5 Rxd1+ 27. Bxd1
bxc5 28. Qxc5 {1/2-1/2 Tkachiev,V-Shneider,A/Bastia 2001 (41)}) 15. Bg3 O-O (
15... a6 16. Bxe5 Qxe5 17. Qd2 Qc7 18. f4 d6 19. Kb1 O-O-O 20. b4 Kb8 21. Rc1
Rc8 22. Rc2 {1-0 Krasenkow,M-Nikolenko,O/Pardubice/ 1994/ (41)}) 16. Kb1 Rfc8
17. Rhe1 a6 18. Qe2 d6 (18... Bxg3 19. hxg3 d6 20. f4 b5 $13) 19. Bxe5 dxe5 20.
Qe3 Rd8 21. Rd2 Rd4 $6 {The positions with e6,e5 structure are typical for
this line. Black has to prevent the mobilisation of white's queenside pawn
majority.} (21... Rd6 22. Red1 Rad8 $11) 22. Red1 Rad8 23. f3 Ne8 (23... Nd7
24. Bf1 Rxd2 25. Rxd2 Bc6 $11) 24. Ne2 R4d7 25. Nc1 Kf8 (25... Nd6 26. Nb3 a5
27. c5 $1 bxc5 28. Qxc5 a4 (28... Qxc5 29. Nxc5 Rc7 30. b4 $16) 29. Bb5 axb3
30. Qxc7 Rxc7 31. Rxd6 $14) 26. Nb3 Bc6 27. c5 $1 b5 (27... bxc5 28. Nxc5 Rd4
29. Bxa6 Qa7 30. b4 $16) (27... Rb8 28. cxb6 Qxb6 29. Qxb6 Rxb6 30. Nc5 Ra7 31.
Bc4 Ke7 32. Kc2 $16) 28. Bc2 Nf6 (28... Rxd2 29. Rxd2 Rc8 30. Qc3 Ba8 (30...
Nf6 31. Na5 $14) 31. Qa5 $14) 29. Qc3 Ba8 30. Na5 $1 Rxd2 31. Rxd2 Rxd2 32.
Qxd2 Ke7 (32... Qxc5 33. Qd8+ Ne8 34. Qxa8 Qg1+ 35. Ka2 Qxg2 36. Nb7 Qxc2 37.
Nd6 Ke7 38. Qxe8+ Kxd6 39. Qd8+ Kc5 40. Qc7+ $18) 33. Qb4 {[%mdl 16] White can
claim great asset on c5, but he will need an attacking target on b5 or a6.} (
33. b4 Qd8 34. Nb3 $14) 33... Qd7 (33... Ke8 34. a4 Qd7 35. axb5 axb5 36. c6
Bxc6 37. Nxc6 Qxc6 38. Bd3 $16) 34. a4 Qd4 (34... bxa4 35. Bxa4 Qd4 36. Qxd4
exd4 37. Bc6 Bxc6 38. Nxc6+ Kd7 39. Nxd4 $16) 35. Qxd4 exd4 36. Bd3 (36. axb5
$5 axb5 37. Bd3 b4 38. Bb5 Nd7 39. Bxd7 Kxd7 40. Kc2 Kc7 41. Kd3 e5 42. Kc4 $16
) 36... Nd7 (36... bxa4 $5 37. Bxa6 Nd7 38. c6 Nb6 39. Nb7 $14) 37. b4 Ne5 (
37... bxa4 38. Bxa6 Ne5 39. Bb5 $16) 38. Bf1 $1 (38. Kc2 Nxd3 $1 39. Kxd3 bxa4
40. Kxd4 a3 41. Kc3 f5 42. exf5 Bd5 43. fxe6 g5 $11) 38... Bc6 (38... bxa4 39.
Bxa6 g5 40. b5 Kd7 41. b6 Bc6 42. Kb2 $16) 39. Nxc6+ Nxc6 40. axb5 axb5 (40...
Nxb4 41. bxa6 Nc6 42. Kc2 $18) 41. Bxb5 Nxb4 (41... Ne5 42. Kc2 $18) 42. Kb2 {
The poor knight on b4 is virtually trapped, black is lost.} d3 $8 (42... f5 43.
Kb3 fxe4 44. fxe4 $18) 43. Kc3 Nc2 44. Bxd3 Ne3 (44... Ne1 45. Bf1 Kd7 46. Kd2
$18) 45. g3 Nd1+ (45... Kd7 46. Kd2 Ng2 47. Bb5+ Kc7 48. Ke2 $18) 46. Kd2 (46.
Kd2 Nb2 (46... Nf2 47. Bf1 Kd7 48. Ke2 Nh1 49. g4 Kc6 50. Bg2 $18) 47. Bb5 Kf6
48. Kc2 $18) 1-0

[Event "Excelsior Cup"]
[Site "Gothenburg"]
[Date "2004.01.12"]
[Round "5"]
[White "Akesson, Joel"]
[Black "Berg, Emanuel"]
[Result "1-0"]
[WhiteElo "2333"]
[BlackElo "2495"]
[Annotator "Ftacnik,L"]
[PlyCount "87"]
[EventDate "2004.01.06"]
[EventType "tourn"]
[EventRounds "9"]
[EventCountry "SWE"]
[EventCategory "9"]
[SourceTitle "CBM 099"]
[Source "ChessBase"]
[SourceDate "2004.03.30"]
[SourceVersion "1"]
[SourceVersionDate "2004.03.30"]
[SourceQuality "1"]

1. d4 Nf6 2. Nf3 e6 3. c4 b6 4. a3 Bb7 5. Nc3 d5 6. Bg5 Be7 7. Qa4+ c6 8. Bxf6
Bxf6 9. cxd5 exd5 10. g3 O-O 11. Bg2 c5 12. Rd1 c4 (12... Qe7 $5) 13. O-O a6 (
13... Na6 14. Rfe1 Nc7 15. e4 b5 16. Qa5 a6 17. e5 Be7 18. Nd2 Qd7 19. Nf1 Ne6
20. Ne2 f5 21. exf6 Rxf6 22. f4 Bd8 23. Qd2 Bb6 {0-1 Chernosvitov,A-Timoshenko,
G/Voskresensk 1992/ (46)}) 14. Ne5 b5 15. Qc2 Qd6 16. e4 $5 {Akesson is
counting on his mild development advantage, so it makes sense to deal very
quickly.} (16. Ng4 Nd7 17. e4 dxe4 18. Nxe4 Bxe4 19. Bxe4 Rad8 20. Bxh7+ Kh8
21. Nxf6 Nxf6 22. Be4 Nxe4 23. Qxe4 Rfe8 24. Qf3 Qd5 {1/2-1/2 Schandorff,
L-Brinck Claussen,B/Copenhagen 1996/ (38)}) 16... Bxe5 17. dxe5 Qxe5 18. f4 Qd6
(18... Qc7 19. Nxd5 Bxd5 20. Rxd5 Nc6 21. Rfd1 Rad8 22. e5 $14) 19. Nxd5 Nd7 (
19... Bxd5 20. Rxd5 Qe7 21. e5 $14) 20. Qf2 (20. e5 Qc5+ 21. Qf2 Rad8 22. h3
$14) 20... Rad8 21. Rd2 (21. e5 Qb8 22. Ne7+ Kh8 23. Bxb7 Qxb7 24. Nf5 $14)
21... Bxd5 22. Rxd5 Qc7 23. Rfd1 $6 {Small but important innaccuracy offering
black the chance for counterplay with his queenside majority.} (23. e5 Rfe8 (
23... Nb6 24. Rc5 $14) 24. Rfd1 Nf8 25. Rd6 $14) 23... Nb6 24. R5d4 Na4 (24...
Rxd4 25. Qxd4 Na4 26. e5 c3 $11) 25. e5 Rxd4 26. Qxd4 c3 $1 27. bxc3 (27. b3
Nb2 28. Rc1 Rc8 29. Rc2 a5 $11) 27... Nxc3 (27... Qxc3 $2 28. Qxc3 Nxc3 29. Rd3
$16) 28. Re1 $6 {White is giving up the d file, black pieces will become very
active.} (28. Rd2 Nb1 29. Qd6 Qa7+ 30. Rf2 Qe3 31. Qxa6 Nxa3 32. Qb7 $11) 28...
Rd8 29. Qe3 Nd1 $1 30. Qe2 Qc5+ 31. Kf1 (31. Kh1 Nf2+ 32. Kg1 Ne4+ 33. Kh1 Nc3
$15) 31... Nc3 32. Qe3 Qc4+ $2 {[%mdl 16384] Berg must have felt, that in a
mad race with b and e pawn his chances are very good.} (32... Qxa3 $1 33. Qb6
Rf8 34. f5 Qa2 35. Qd4 Qc2 36. f6 $13) 33. Kg1 a5 (33... Rd3 34. Qb6 Qd4+ 35.
Qxd4 Rxd4 36. f5 Kf8 $11) 34. f5 b4 35. e6 $1 fxe6 (35... bxa3 36. Qb6 Re8 37.
Bc6 $18) 36. fxe6 Re8 (36... bxa3 37. e7 Re8 38. Bh3 $1 Qc7 (38... Nd5 39. Be6+
Kh8 40. Qf2 $18) 39. Be6+ Kh8 40. Bf7 $18) 37. e7 {White is winning, since
black has very passive rook and a vulnerable king.} Qc8 (37... h6 38. Qb6 (38.
Bh3 $6 Nd5 39. Qe6+ Kh8 40. Qf7 $14) 38... b3 39. Bc6 Nd5 40. Qb7 Nf6 41. Bxe8
Nxe8 42. Qd7 $18) 38. axb4 axb4 39. Qd4 (39. Qb6 $1 Qd7 40. Qxb4 Qd2 41. Qc4+
Kh8 42. Qe6 $18) 39... b3 40. Qb4 Kh8 41. Rf1 $1 h6 42. Be4 Ne2+ 43. Kg2 g5 44.
Qd6 1-0

[Event "Corus"]
[Site "Wijk aan Zee"]
[Date "2006.01.15"]
[Round "2"]
[White "Sokolov, Ivan"]
[Black "Ivanchuk, Vassily"]
[Result "0-1"]
[WhiteElo "2689"]
[BlackElo "2729"]
[Annotator "Ftacnik,L"]
[PlyCount "146"]
[EventDate "2006.01.14"]
[EventType "tourn"]
[EventRounds "13"]
[EventCountry "NED"]
[EventCategory "19"]
[SourceTitle "CBM 111"]
[Source "ChessBase"]
[SourceDate "2006.04.04"]
[SourceVersion "1"]
[SourceVersionDate "2006.04.04"]
[SourceQuality "1"]

1. d4 Nf6 2. c4 e6 3. Nf3 b6 4. Nc3 Bb4 5. Qb3 c5 6. a3 Ba5 7. Bg5 Bb7 8. dxc5
Na6 $1 9. c6 (9. cxb6 Nc5 10. Qc2 Be4 11. Qd1 Bxc3+ 12. bxc3 Qxb6 $13 {Van
Wely,L-Seirawan,Y/Wijk/1996/}) 9... dxc6 $146 {Ivanchuk has prepared the
novelty that hopes to keep the bishop on a5 alive for little longer.} (9...
Bxc6 10. Qc2 Bxc3+ 11. Qxc3 Nc5 12. Nd2 O-O 13. f3 d5 (13... h6 14. Bh4 d6 15.
b4 Ncd7 16. e3 a5 17. Bd3 axb4 18. axb4 Rxa1+ 19. Qxa1 Qc7 20. O-O Ra8 21. Qc3
Bb7 22. Ra1 {1-0 Sokolov,I (2696)-Macieja,B (2592)/Stepanakert 2005 (40)}) (
13... e5 14. e4 Re8 15. Be3 d6 16. Be2 Nh5 17. g3 Qd7 18. Nb3 Qh3 19. Bf1 Qe6
20. Nxc5 dxc5 21. O-O-O a5 22. Be2 Rad8 {0-1 Macieja,B (2592)-Efimenko,Z (2637)
/Khanty Mansiysk 2005 (46)}) 14. e3 Rc8 15. b4 Na4 16. Qe5 Nd7 17. Qg3 f6 18.
cxd5 Bxd5 19. Bh6 Qe7 20. e4 Bb7 21. Bb5 Bc6 22. Ba6 Rcd8 23. Rc1 Nb8 24. Be2
$16 {1/2-1/2 Sokolov,I (2684)-Mchedlishvili,M (2551)/Bled 2002 (46)}) 10. Qc2
c5 11. Rd1 Qc7 12. Bxf6 {Somewhat controversial decision as the bishop will be
missed. Sokolov should have tried the logical development of his pieces with
12.e3!} (12. e3 $1 Ne4 13. Bf4 Qc8 14. Bd3 f5 (14... Bxc3+ 15. bxc3 f5 16. Ne5
$14) 15. O-O Nxc3 16. bxc3 O-O 17. Ne5 $14) 12... gxf6 13. g3 (13. e3 Ke7 14.
Be2 Rag8 15. O-O $13) 13... Ke7 (13... Bxf3 14. exf3 Qe5+ 15. Be2 Bxc3+ 16.
bxc3 O-O 17. f4 Qc7 18. O-O $14) 14. Bg2 Nb4 $1 15. Qb3 (15. axb4 cxb4 16. Nd5+
Bxd5 (16... exd5 17. O-O dxc4 18. Rd4 b5 19. Rfd1 Rad8 20. Qc1 Bxf3 21. Bxf3
Rxd4 22. Rxd4 h5 $11) 17. b3 b5 18. Rxd5 exd5 19. Nd4 bxc4 20. Bxd5 cxb3 21.
Nc6+ Kf8 22. Qc5+ Kg7 23. Qxa5 Qxa5 24. Nxa5 b2 25. Kd2 Rad8 26. e4 f5 $15)
15... Nc6 16. O-O Rad8 17. Ne4 $6 {White would probably enjoy some advantage
after the better move 17.Nb5!} (17. Nb5 $1 Qb8 18. Qe3 Rxd1 19. Rxd1 Rd8 20.
Rc1 a6 21. Nc3 $14) 17... h6 18. Qe3 Ne5 (18... f5 19. Nc3 Kf6 20. Nb5 $16) 19.
Nxe5 (19. Ned2 Bxd2 20. Nxd2 Bxg2 21. Kxg2 Kf8 22. f4 Nd7 23. Ne4 $14) 19...
Qxe5 20. Rxd8 (20. b3 f5 21. f4 Qb2 22. Nf2 (22. Nxc5 Bxg2 23. Na4 Qc2 24. Rxd8
Bxf1 25. Rxh8 Bxe2 $19) 22... Bc8 23. h3 Bc3 24. Qf3 $13) (20. b4 cxb4 21. f4
Qb2 22. axb4 Rxd1 23. Rxd1 Bxb4 24. Qd3 Bxe4 25. Bxe4 f5 $15) 20... Rxd8 21.
Nxf6 {White must have strived for this spirited trick in his calculations,
unfortunatelly black will end up on top.} Qxe3 (21... Qxf6 22. Bxb7 $14) 22.
fxe3 Ba6 $1 (22... Bxg2 23. Kxg2 Rd2 24. Ng8+ Kf8 25. Nxh6 f5 26. g4 Rxe2+ 27.
Rf2 Rxf2+ 28. Kxf2 Kg7 29. g5 $13) 23. Ng4 (23. b3 Bd2 24. Kh1 Bxe3 25. Ng4 Bd4
26. Nxh6 f5 $17) 23... Rd2 24. b3 $2 {[%mdl 2048] One does not have to be
impressed by white's play, but he was still very much in the game after the
correct move 24.Ne5! with slightly worse chances. The move in the game enables
bishop from a5 to become a hero.} (24. Nxh6 f5 25. g4 Bxc4 26. gxf5 Rxb2 27.
f6+ Kf8 28. Rf4 (28. Rd1 Rd2 29. Rxd2 Bxd2 30. Kf2 Bc3 31. Ng4 Kf7 $17) 28...
Bxe2 29. Bh3 e5 $17) (24. Ne5 $1 Rxb2 (24... f5 25. b4 cxb4 26. axb4 Bxb4 27.
Nc6+ Kf6 28. Nxb4 Bxc4 29. Nc6 $16) 25. Rxf7+ Kd6 26. Rxa7 Kxe5 27. Rxa6 Rxe2
28. Ra7 $15) 24... Bc3 $1 25. Nxh6 (25. e4 Rxe2 26. Nxh6 Bd4+ 27. Kh1 f6 28. h4
Bb7 $17) 25... f5 26. g4 Bg7 27. g5 Rxe2 28. e4 (28. h4 Bc8 $1 (28... Rxe3 $2
29. Rxf5 Bd4 (29... Bxh6 30. gxh6 exf5 31. h7 $18) 30. Rf7+ $16) 29. e4 Bb7 30.
h5 Bd4+ 31. Kh1 Bxe4 $17) 28... Bb7 29. Rf4 Be5 30. Rf1 Bxe4 31. Bxe4 Rxe4 {
Something went terribly wrong for white, his knight is in offside and black
pieces are completely dominating the center.} 32. Kg2 (32. Rf3 Bb2 33. Rg3 Kf8
34. g6 Kg7 35. Nf7 Rg4 $19) 32... Rh4 (32... Re2+ $5 33. Kf3 Rxh2 34. Re1 Rh3+
35. Kg2 Rg3+ 36. Kf2 Rxg5 37. Rxe5 Rh5 38. Ng8+ Kf7 $19) 33. Re1 (33. h3 Rh5
$17) (33. Rh1 Bf4 (33... Bg7 34. h3 Bxh6 35. gxh6 e5 $17) 34. Re1 Kd7 35. Nf7
Rg4+ 36. Kf3 Bxh2 37. Rh1) 33... Rxh2+ 34. Kg1 (34. Kf3 Rh3+ 35. Kg2 Rg3+ 36.
Kf2 Rxg5 37. Rxe5 Rh5 38. Ng8+ Kf7 39. b4 cxb4 40. axb4 Rh8 $19) 34... Rh5 $1
35. Nxf5+ (35. Rxe5 Rxg5+ 36. Kf2 Rh5 37. Ng8+ Kf7 $19) 35... Kd7 36. Rd1+ (36.
Rxe5 Rxg5+ 37. Kh2 Rxf5 38. Re3 e5 $17) 36... Kc7 37. Ne3 Bd4 38. Rd3 {The
knight is out of danger, but the position without the pawn is technically lost.
} (38. Kf2 Rxg5 39. Re1 Kd6 40. Kf3 Rh5 $19) 38... Rxg5+ 39. Kf1 Kc6 40. Nc2 e5
41. Rh3 (41. Nxd4+ cxd4 42. b4 Rg6 $19) 41... e4 42. Rh6+ Kd7 43. Rh4 (43. Nxd4
cxd4 44. Rh7+ Kd6 45. Rxa7 d3 46. Ra8 Kd7 47. Ra7+ Kc6 48. Re7 Rg1+ $1 49. Kxg1
d2 $19) 43... Rg1+ 44. Ke2 Rg2+ 45. Kd1 e3 46. Re4 (46. Nxd4 Rd2+ 47. Ke1 cxd4
$19) 46... Rd2+ 47. Kc1 a5 48. b4 (48. Ne1 Kd6 49. Nc2 Rd3 $19) 48... a4 $1 {
Excellent move fixating the weakness on a3 as well as keeping the white king
in potential mating net close to tthe square a2.} 49. bxc5 bxc5 50. Ne1 Rf2 51.
Kd1 (51. Nd3 Ra2 $19) 51... Kd6 52. Re8 (52. Nc2 Rd2+ 53. Kc1 Rd3 54. Re8 Kd7
55. Re4 Bc3 $1 $19) 52... Be5 53. Nd3 Rd2+ 54. Kc1 Bd4 (54... Rxd3 $2 55. Rd8+
$14) 55. Ne1 Rh2 56. Kd1 Rb2 57. Nc2 Rb3 58. Re4 Rd3+ 59. Kc1 (59. Ke1 Bc3+ 60.
Kf1 Rd1+ 61. Ke2 Rd2+ $19) 59... Be5 {White is now in zugzwang so Sokolov has
to accept lost pawn endgame.} (59... Kd7 60. Ne1 (60. Kb1 Rd1+ 61. Ka2 Rd2 62.
Kb1 e2 $19) 60... Rxa3 $19) 60. Nxe3 (60. Ne1 Rxa3 $19) 60... Rxe3 61. Rxe3 Bf4
62. Kd2 Bxe3+ 63. Kxe3 Ke5 $19 64. Kd3 Kf4 65. Kd2 Ke4 66. Ke2 Kd4 67. Kd2 Kxc4
68. Kc2 Kd4 69. Kd2 c4 70. Kc2 c3 71. Kc1 Kc5 72. Kd1 Kd5 73. Kc1 Kd4 (73...
Kd4 74. Kc2 Kc4 75. Kc1 Kb3 $19) 0-1